000 00635nam a2200241Ia 4500
003 OSt
005 20221007073443.0
006 a|||||r|||| 00| 0
007 ta
008 221006b |||||||| |||| 00| 0 eng d
024 _a29,792
037 _cTextual
040 _aFLL
_cFLL
_beng
041 _2eng
_aeng
082 _aX:95:Z2, L9
100 _aMisra A.S.
245 0 _aLaw and practice of character and integrity rolls
250 _a2nd
260 _aLucknow
_bEastern Book Company India
_c1979
300 _axxii,326p
_ccm.
942 _hX:95:Z2, L9
_cTEXL
_2CC
999 _c1148797
_d1148797